Ang manok na may gintong itlog / (Record no. 21471)

000 -LEADER
fixed length control field 00581nam a22001697a 4500
003 - CONTROL NUMBER IDENTIFIER
control field OSt
005 - DATE AND TIME OF LATEST TRANSACTION
control field 20251022164823.0
008 - FIXED-LENGTH DATA ELEMENTS--GENERAL INFORMATION
fixed length control field 251022n xxua|||jr|||| 00| j fil |
040 ## - CATALOGING SOURCE
Transcribing agency csuc
082 ## - DEWEY DECIMAL CLASSIFICATION NUMBER
Edition number 23
Item number D363
100 1# - MAIN ENTRY--PERSONAL NAME
Personal name del Prado, Alvin
245 ## - TITLE STATEMENT
Title Ang manok na may gintong itlog /
Statement of responsibility, etc muling isinalaysay ni Alvin del Prado ; guhit ni Marvin Romero.
260 ## - PUBLICATION, DISTRIBUTION, ETC. (IMPRINT)
Place of publication, distribution, etc [place of publication not identified] :
Name of publisher, distributor, etc [name of publisher not identified],
Date of publication, distribution, etc [2020?].
300 ## - PHYSICAL DESCRIPTION
Extent 16 pages :
Other physical details color illustrations ;
Dimensions 28 cm.
700 1# - ADDED ENTRY--PERSONAL NAME
Personal name Romero, Marvin
Relator term illustrator.
942 ## - ADDED ENTRY ELEMENTS (KOHA)
Source of classification or shelving scheme
Koha item type Books
Holdings
Price effective from Permanent Location Date last seen Not for loan Date acquired Source of classification or shelving scheme Koha item type Lost status Withdrawn status Source of acquisition Collection code Damaged status Barcode Shelving location Current Location Full call number
2025-10-22Cagayan State University - Carig Library2025-10-22 2025-10-22 Books  DonationChildren Section C000405Children SectionCagayan State University - Carig Library398.2452 D363 c.1

Cagayan State University University Library, Carig Campus
Tuguegarao City, Cagayan 3500 | www.csucarig.edu.ph

Powered by Koha